| 000 | 00572nam a2200169Ia 4500 | ||
|---|---|---|---|
| 003 | GCL | ||
| 008 | 140319s9999 xx 000 0 ara d | ||
| 040 |
_aGCL / _cGCL |
||
| 082 | 0 | 4 |
_a252 _bس ح |
| 100 | 1 | _aسعيد بن على بن رهف القحطانى | |
| 245 | 1 | 0 |
_aحصن المسلم: من اذكار الكتاب والسنة / _cسعيد بن على بن رهف القحطانى |
| 260 |
_a[S.N] : _bمكتبة السنة للنشر والتوزيع ، _c1991 |
||
| 300 | _a128 ص | ||
| 490 | _a | ||
| 650 | 0 | 4 | _aالطقوس الدينية |
| 942 |
_2ddc _cBK |
||
| 999 |
_c53841 _d53841 |
||